000 00704nam a2200241 4500
001 126052
003 ES-MaACL
005 20250809042455.0
007 t|
008 070214s1980 sp r ||||1| spa d
020 _a84-7339-502-6
080 _a342.7
080 _a32(100)
100 1 _aReimann, Elisabeth.
_996013
245 1 0 _aDerechos humanos :
_bficción y realidad /
_cElisabeth Reimann, Fernando Rivas Sánchez.
260 _aMadrid :
_bAkal,
_c1980.
300 _a351 p. ;
_c21 cm.
650 7 _aDerechos humanos
_2embne
_911770
650 4 _aRelaciones internacionales.
_916783
700 1 _aRivas Sánchez, Fernando.
_997592
852 4 _aES-MaACL
_jL-1017
999 _c126052
_d126052